000 00312nam a2200145Ia 4500
100 _aGates/Bill
650 _aGeneral
942 _cBK
654 _aspeed of thought
245 _aBusiness @ the speed of thought
260 _bPenquin books
_c1999
082 _a920
_bGAT
300 _a470
546 _aENGLISH
999 _c29377
_d29377